Traumi familiari e blocco generativo (Record n. 358002)

Dettagli MARC
000 -LEADER
campo di controllo lung. fissa 00574nam a22002297a 4500
003 - Identificatore del numero di controllo
campo di controllo IT-MiCISF
005 - Data e orario dell'ultima transazione
campo di controllo 20241021144039.0
008 - Elementi di lunghezza fissa--Informazione generale
campo di controllo lung. fissa 180910b ||||| |||| 00| 0 eng d
040 ## - Fonte della catalogazione
Agenzia che fa la trascrizione IT-MiCISF
041 ## - Codice di lingua
Codice di lingua del testo/traccia sonora o titolo separato it
100 ## - Accesso principale -- nome di persona
Nome di persona Lazzarini Alice
9 (RLIN) 57376
222 ## - Titolo chiave
Titolo chiave 17210143
245 ## - Formulazione del titolo
Titolo Traumi familiari e blocco generativo
250 ## - Formulazione di edizione
Formulazione di edizione "Interazioni", n. 1
260 ## - Pubblicazione, distribuzione, ecc. (stampa)
Data di pubblicazione, distribuzione, ecc. 2016
300 ## - Descrizione fisica
Estensione pp. 89-105
310 ## - Periodicità corrente della pubblicazione
Periodicità corrente della pubblicazione semestrale
500 ## - Nota generale
Nota generale terapia, violenza-in-famiglia, case-studies
650 ## - Accesso aggiunto di soggetto--termine topico
Termine topico o nome geografico come accesso terapia
9 (RLIN) 56160
654 ## - Accesso aggiunto di soggetto--termini topici faccettati
Termine principale articolo
942 ## - Dati aggiuntivi (Koha)
Fonte della classificazione o dello schema di collocazione (segnatura) Dewey Decimal Classification
Tipo copia default (Koha) RIVISTA
Dati di copia
Ritirato (status) Perso (status) Fonte della classificazione o dello schema di collocazione (segnatura) Danneggiato (status) Non per il presito Biblioteca proprietaria Biblioteca in cui si trova Data d'acquisizione Totale prestiti Collocazione Data ultima operazione Prezzo in vigore dal Tipo copia default (Koha)
    Dewey Decimal Classification Buone Condizioni Not For Loan CISF - Milano CISF - Milano 10/09/2018   A04/R034 10/09/2018 10/09/2018 RIVISTA
CREDITS: SOCIETA' SAN PAOLO Via A.Severo, 58 - ROMA (RM) & PERIODICI SAN PAOLO SRL Via Giotto, 36 MILANO & CISF Via Giotto, 36 MILANO & EDIZIONI SAN PAOLO SRL,  Piazza Soncino, 5 CINISELLO BALSAMO (MI) -- ITALY